Analýza mezd upravených na paritu kupní síly ve vybraných evropských a mimoevropských zemích

Situácia týkajúca sa miezd upravených podla parity kupnej sily vo vybraných európskych a mimoeurópskych krajinách. Genderové mzdové rozdiely a ich vývoj v posledných rokoch.

Guardado en:
Detalles Bibliográficos
Autor principal: Bílková, Diana
Formato: Capítulo de libro
Lenguaje:checo
Materias:
Etiquetas: Agregar Etiqueta
Sin Etiquetas, Sea el primero en etiquetar este registro!

MARC

LEADER 00000naa a2200000 4500
001 0240655
005 20220715093536.0
041 0 |a cze 
044 |a SK 
245 1 0 |a Analýza mezd upravených na paritu kupní síly ve vybraných evropských a mimoevropských zemích  |c Diana Bílková 
520 |a Situácia týkajúca sa miezd upravených podla parity kupnej sily vo vybraných európskych a mimoeurópskych krajinách. Genderové mzdové rozdiely a ich vývoj v posledných rokoch. 
610 2 0 |a parita sily kúpnej 
610 2 0 |a diferenciácia mzdová 
610 2 0 |a vzťahy genderové 
610 2 0 |a mzdy minimálne 
100 1 |a Bílková, Diana